| Tag |
First Indicator |
Second Indicator |
Subfields |
| LEADER |
00000cam a2200000 a 4500 |
| 001 |
in00000027987 |
| 005 |
20151007054703.0 |
| 008 |
870731s1988 nyu 00011 eng |
| 010 |
|
|
|a 87023581
|
| 020 |
|
|
|a 0688077021
|
| 035 |
|
|
|a (OCoLC)16578563
|
| 035 |
|
|
|9 AAB5935AM
|
| 040 |
|
|
|a DLC
|c DLC
|d TXA
|d UtOrBLW
|
| 049 |
|
|
|a TXAM
|c [A11504195]
|
| 050 |
0 |
0 |
|a PS3562.I472
|b A94 1988
|
| 082 |
0 |
|
|a 813/.54
|2 19
|
| 100 |
1 |
|
|a Lincoln, C. Eric
|q (Charles Eric),
|d 1924-2000.
|
| 245 |
1 |
4 |
|a The Avenue, Clayton City /
|c C. Eric Lincoln.
|
| 250 |
|
|
|a 1st ed.
|
| 264 |
|
1 |
|a New York :
|b Morrow,
|c [1988]
|
| 264 |
|
4 |
|c ©1988
|
| 300 |
|
|
|a 288 pages ;
|c 25 cm.
|
| 336 |
|
|
|a text
|b txt
|2 rdacontent
|
| 337 |
|
|
|a unmediated
|b n
|2 rdamedia
|
| 338 |
|
|
|a volume
|b nc
|2 rdacarrier
|
| 999 |
|
|
|a MARS
|
| 999 |
f |
f |
|s a65f4a7f-712f-3704-842a-d86d82bea488
|i 7b7c7acd-728d-388c-b345-8184ed6ed3d6
|t 0
|
| 952 |
f |
f |
|p ric
|a Texas A&M University
|b Rellis Campus
|c Joint Library Facility
|d Remote Storage
|t 0
|e PS3562.I472 A94 1988
|h Library of Congress classification
|i unmediated -- volume
|m A14811504195
|
| 998 |
f |
f |
|a PS3562.I472 A94 1988
|t 0
|l Remote Storage
|